01210cam a22003375a 4500001001000000003000400010005001700014008004100031020003000072020002700102040003600129082002000165100002900185245012800214250002400342260005000366300002900416500002900445500002400474504003100498541001900529650004400548651001000592653002500602700002900627700002500656700003300681942000800714999001700722952013300739016874413OSt20151210132542.0150825t2015 enka frb 001 0 eng d a9781292068909 (paperback) a1292068906 (paperback) aStDuBDSbengcStDuBDSdEG-ScBUE04a629.83222bFRA1 aFranklin, Gene F.91916910aFeedback control of dynamic systems /cGene F. Franklin, J. David Powell, Abbas Emami-Naeini ; contributions by Sanjay H.S. a7th ed., Global ed. aHarlow :bPearson Education Limited,cc.2015. a880 p. :bill. ;c23 cm. aPrevious edition : 2010. aIndex : p. 868-880. aBibliography : p. 860-867. aBUE book fair. 7aFeedback control systems.2BUEsh919100 2BUEsh bENGGENcDecember201510aPowell, J. David,d1938-1 aEmami-Naeini, Abbas,1 aSanjay, H. S.,econtributor. 2ddc c21111d21083 00102ddc40708sphinxaMAINbMAINc1STd2015-12-10ePurchaseg400.00h70059l0o629.83 FRAp000031511r2025-07-15 00:00:00yBB